[Event "AUTO-OPEN-613"]
[Site "http://www.queenalice.com/game.php?id=193128"]
[Date "2007.4.6"]
[Round "1"]
[White "blunderful"]
[Black "Mobius"]
[Result "0-1"]
[WhiteElo "1874"]
[BlackElo "1713"]

1. e4 c5 2. Nf3 d6 3. d4 cxd4 4. Nxd4 Nf6 5. Nc3 g6 6. Be3 Nc6 7. f3 Bg7 8. Qd2
O-O 9. O-O-O Nxd4 10. Bxd4 Be6 0-1

[Event "AUTO-OPEN-613"]
[Site "http://www.queenalice.com/game.php?id=193140"]
[Date "2007.4.6"]
[Round "1"]
[White "Mobius"]
[Black "pjhunt"]
[Result "1-0"]
[WhiteElo "2055"]
[BlackElo "1822"]

1. e4 c5 2. Nf3 Nc6 3. Nc3 e6 4. d4 cxd4 5. Nxd4 Nxd4 6. Qxd4 Nf6 7. e5 Nh5 8.
g4 Nf6 9. exf6 Qxf6 10. Nb5 Qxd4 11. Nxd4 Be7 12. f4 a6 13. Be3 b5 14. Bg2 Rb8
15. O-O Bb7 16. Rad1 d5 17. Rfe1 O-O 18. Re2 Rbc8 19. Bf3 Rc7 20. Bf2 Bc5 21. c3
Bc8 22. f5 Bxd4 23. Bxd4 Re8 24. Bxd5 Rce7 25. Bc5 Rd7 26. fxe6 Rxe6 27. Rxe6
Rd8 28. Re7 h6 29. Bxf7+ Kh7 30. Rxd8 1-0

[Event "Challenge"]
[Site "http://www.queenalice.com/game.php?id=206317"]
[Date "2007.5.5"]
[Round "-"]
[White "ALMOVE"]
[Black "Mobius"]
[Result "0-1"]
[WhiteElo "1672"]
[BlackElo "1984"]

1. d4 Nf6 2. Nc3 g6 3. Nf3 d5 4. e3 Bg7 5. Bd2 O-O 6. Qe2 Nc6 7. O-O-O a6 8. h4
Bg4 9. g3 e5 10. Bh3 exd4 11. Bxg4 dxc3 12. Bxc3 Nxg4 13. Bxg7 Kxg7 14. Ng5 Qd7
15. h5 Qf5 16. f4 f6 17. e4 dxe4 18. Rh4 fxg5 19. Rxg4 gxf4 20. hxg6 f3 21.
gxh7+ Qxg4 22. Qh2 e3 23. Rh1 f2 24. Qh6+ Kh8 25. Qxe3 f1=Q+ 26. Rxf1 Rxf1+ 27.
Kd2 Rd8+ 28. Kc3 Qb4# 0-1

[Event "Challenge"]
[Site "http://www.queenalice.com/game.php?id=207225"]
[Date "2007.5.7"]
[Round "-"]
[White "vercelli"]
[Black "Mobius"]
[Result "0-1"]
[WhiteElo "1791"]
[BlackElo "2014"]

1. d4 Nf6 2. c4 e6 3. Nc3 Nc6 4. e4 Bb4 5. Qd3 d5 6. cxd5 exd5 7. e5 Ne4 8. Nf3
O-O 9. Be2 Bf5 10. Qe3 f6 11. O-O fxe5 12. Rd1 exd4 13. Nxd4 Nxd4 14. Qxd4 Bc5
15. Qxd5+ Qxd5 16. Nxd5 Bxf2+ 17. Kh1 Rae8 18. Bc4 Kh8 19. Nxc7 Bb6 20. Nxe8
Nf2+ 21. Kg1 Nxd1+ 22. Kh1 Rxe8 0-1

[Event "Challenge"]
[Site "http://www.queenalice.com/game.php?id=207226"]
[Date "2007.5.7"]
[Round "-"]
[White "Mobius"]
[Black "vercelli"]
[Result "1-0"]
[WhiteElo "1994"]
[BlackElo "1791"]

1. e4 e6 2. d4 d5 3. exd5 exd5 4. Nf3 c5 5. Bb5+ Nc6 6. Nc3 Nf6 7. O-O Be7 8.
Ne5 Qb6 9. Bxc6+ bxc6 10. Na4 Qa5 11. c3 Bd7 12. Nxd7 Nxd7 13. Re1 cxd4 14. cxd4
Nf6 15. Bf4 Ne4 16. f3 Nf6 17. Bd6 Qd8 18. Bxe7 Qxe7 19. Rxe7+ Kxe7 20. Rc1 Kd6
21. Qe1 1-0

[Event "Challenge"]
[Site "http://www.queenalice.com/game.php?id=222831"]
[Date "2007.6.9"]
[Round "-"]
[White "Mobius"]
[Black "EL_CHICO"]
[Result "1-0"]
[WhiteElo "2030"]
[BlackElo "1930"]

1. e4 e5 2. Nf3 Nc6 3. Bb5 d6 4. d4 Bd7 5. d5 Nb8 6. Qd3 c6 7. Bc4 a5 8. a4 Be7
9. Qb3 Qc7 10. dxc6 Be6 11. cxb7 Ra7 12. Bxe6 fxe6 13. Qxe6 Rxb7 14. Ng5 Nh6 15.
Nxh7 Nd7 16. Qg6+ Nf7 17. O-O Nf8 18. Nxf8 Kxf8 19. Nc3 Qd8 20. Nd5 Bg5 21. f4
exf4 22. Bxf4 Rh6 23. Bxg5 Rxg6 24. Bxd8 Rxb2 25. Rf2 Ke8 26. Bxa5 Ne5 27. Raf1
Kd7 28. Rf8 Rxc2 29. Rd8+ 1-0

[Event "Challenge"]
[Site "http://www.queenalice.com/game.php?id=229209"]
[Date "2007.6.22"]
[Round "-"]
[White "Mobius"]
[Black "corinthians2"]
[Result "1-0"]
[WhiteElo "2068"]
[BlackElo "2117"]

1. e4 c5 2. c3 Nf6 3. e5 Nd5 4. d4 cxd4 5. cxd4 e6 6. Nf3 Nc6 7. Nc3 d6 8. Bd2
dxe5 9. dxe5 Be7 10. Bc4 Nb6 11. Bb5 Bd7 12. O-O Nb4 13. Qb3 O-O 14. Rfd1 Bxb5
15. Nxb5 N4d5 16. Rac1 Qd7 17. Bg5 h6 18. Bxe7 Qxe7 19. Nd6 Rfd8 20. Nd4 Rd7 21.
g3 Rxd6 22. exd6 Qxd6 23. a4 Qe7 24. a5 Nc8 25. Rc2 Nd6 26. a6 b6 27. Nxe6 1-0

[Event "Challenge"]
[Site "http://www.queenalice.com/game.php?id=234211"]
[Date "2007.7.3"]
[Round "-"]
[White "EL_CHICO"]
[Black "Mobius"]
[Result "0-1"]
[WhiteElo "1932"]
[BlackElo "2151"]

1. d4 e6 2. e4 d5 3. e5 c5 4. c3 Nc6 5. Nf3 Bd7 6. Bd3 cxd4 7. cxd4 Qb6 8. Bc2
Nb4 9. a3 Nxc2+ 10. Qxc2 Rc8 11. Nc3 Ne7 12. O-O Nf5 13. Qd3 Rc4 14. Rd1 h5 15.
b4 Be7 16. Bb2 O-O 17. Rac1 a5 18. Nb1 axb4 19. Rxc4 dxc4 20. Qxc4 Rc8 21. Qe2
Ba4 22. Rd2 bxa3 23. Nxa3 Qb3 24. Nb1 Bb4 25. Rd3 Qc2 26. Qxc2 Rxc2 27. h3 Rxb2
28. Nbd2 Bc2 0-1

[Event "AUTO-OPEN-613"]
[Site "http://www.queenalice.com/game.php?id=238973"]
[Date "2007.7.12"]
[Round "2"]
[White "corinthians2"]
[Black "Mobius"]
[Result "0-1"]
[WhiteElo "2096"]
[BlackElo "2128"]

1. e4 e5 2. Nf3 Nc6 3. Bb5 Nf6 4. O-O Bc5 5. c3 O-O 6. d4 Bb6 7. dxe5 Nxe4 8.
Qd5 Nc5 9. Bg5 Ne7 10. Qd1 h6 11. Bh4 g5 12. Bg3 Nf5 13. Nbd2 d5 14. exd6 Nxd6
15. Be2 Re8 16. a4 a5 17. Nc4 Nxc4 18. Bxc4 Bg4 19. Qc2 Qf6 20. Nd4 Bh5 21. Qf5
Qxf5 22. Nxf5 Kh7 23. Rfe1 Rxe1+ 24. Rxe1 Nxa4 25. Re7 Nxb2 26. Ba2 Rd8 27. h4
Rd1+ 28. Kh2 a4 29. Bxc7 Bc5 30. Re5 Nd3 31. Rd5 Nxf2 32. Rxc5 Rh1+ 0-1

[Event "AUTO-OPEN-613"]
[Site "http://www.queenalice.com/game.php?id=238974"]
[Date "2007.7.12"]
[Round "2"]
[White "Mobius"]
[Black "corinthians2"]
[Result "1-0"]
[WhiteElo "2100"]
[BlackElo "2123"]

1. e4 c5 2. Nf3 e6 3. Nc3 Nc6 4. Be2 a6 5. d4 cxd4 6. Nxd4 Qc7 7. f4 b5 8. Be3
Bb7 9. a3 Nxd4 10. Qxd4 Ne7 11. O-O-O Rc8 12. Kb1 Nc6 13. Qd2 Be7 14. h4 b4 15.
Na4 bxa3 16. Bb6 a2+ 17. Ka1 Qb8 18. Qxd7+ Kf8 19. Nc5 Ba8 20. Bxa6 Re8 21. Bc7
Qa7 22. Bd6 Bxd6 23. Qxa7 1-0

[Event "AUTO-OPEN-613"]
[Site "http://www.queenalice.com/game.php?id=238977"]
[Date "2007.7.12"]
[Round "2"]
[White "Rusty"]
[Black "Mobius"]
[Result "0-1"]
[WhiteElo "2346"]
[BlackElo "2204"]

1. d4 Nf6 2. c4 e6 3. Nf3 d5 4. Nc3 Nc6 5. cxd5 exd5 6. Bg5 Be7 7. e3 O-O 8. Qb3
Be6 9. Rc1 Na5 10. Qc2 Rc8 11. Bd3 h6 12. Bh4 c5 13. dxc5 Nc6 14. a3 g5 15. Bg3
Bxc5 16. O-O d4 17. Na4 Bd6 18. Bxd6 Qxd6 19. Qd2 Bg4 20. Nxd4 Nxd4 21. exd4
Rxc1 22. Qxc1 Qxd4 23. Bc2 Rc8 24. Nc3 Nd5 25. Nxd5 Qxd5 26. Qb1 Be2 27. Re1 Qd2
28. Be4 g4 29. Kh1 b6 30. Rg1 Kf8 31. b3 Rc3 32. a4 h5 33. Qa1 a5 34. Qa3+ Kg7
35. Qe7 Qf4 36. Bd5 Bd3 37. Qe1 Rc5 38. Bb7 Bc2 39. Bd5 Rxd5 40. Qc3+ Rd4 41.
Qxc2 Rd2 42. Qc3+ Kh7 43. Qc6 Qxf2 44. Qe4+ Kh6 45. Qe8 Kg7 46. Qe5+ Kg6 47.
Qe4+ Qf5 48. Qe3 Rd6 49. Qe8 Kg7 50. Qe1 Rd3 51. b4 Qd5 52. bxa5 bxa5 53. Qe2
Rd2 54. Qe1 Ra2 55. Qc3+ Kh7 0-1

[Event "AUTO-OPEN-613"]
[Site "http://www.queenalice.com/game.php?id=238978"]
[Date "2007.7.12"]
[Round "2"]
[White "Mobius"]
[Black "Rusty"]
[Result "1-0"]
[WhiteElo "2162"]
[BlackElo "2348"]

1. e4 e5 2. Nf3 Nf6 3. Nxe5 d6 4. Nf3 Nxe4 5. Nc3 Nxc3 6. dxc3 Be7 7. Bd3 Nd7 8.
O-O Nc5 9. Re1 O-O 10. h3 Nxd3 11. Qxd3 Re8 12. Bg5 Bd7 13. Bxe7 Rxe7 14. c4 Re6
15. Rxe6 Bxe6 16. Re1 Qf6 17. b3 h6 18. Qe4 c6 19. Qe3 Qg6 20. Qc3 Rd8 21. Re3
d5 22. c5 Re8 23. Kf1 Kh7 24. a4 f6 25. Qa5 a6 26. Nd4 Bd7 27. Qc7 Rxe3 28. fxe3
Bf5 29. Qxb7 Bxc2 30. Kf2 Be4 31. g4 h5 32. Ne6 Kh6 33. Kg3 hxg4 34. hxg4 Bf3
35. g5+ fxg5 36. Qxc6 Bd1 37. Qxd5 Qh5 38. Nd4 Qh4+ 39. Kg2 Qe1 40. Qe6+ g6 41.
Qf6 Qd2+ 42. Qf2 Qc3 43. c6 Bxb3 44. Qf8+ Kh7 45. Qe7+ Kh6 46. Nxb3 Qxc6+ 47.
Kg3 Qxa4 48. Nd4 Qc4 49. Nf3 Qc3 50. Qxg5+ Kg7 51. Qe7+ Kg8 52. e4 a5 53. e5 Qb4
54. Qe8+ Qf8 55. Qd7 1-0

[Event "Challenge"]
[Site "http://www.queenalice.com/game.php?id=256046"]
[Date "2007.8.15"]
[Round "-"]
[White "natasha"]
[Black "Mobius"]
[Result "0-1"]
[WhiteElo "1746"]
[BlackElo "2162"]

1. Nf3 Nf6 2. b3 Nc6 3. Bb2 g6 4. e4 Bg7 5. d3 d5 6. Nbd2 O-O 7. Be2 dxe4 8.
dxe4 Qd7 9. O-O Rd8 10. Bb5 Nxe4 11. Nxe4 Bxb2 12. Rb1 Qg4 13. Qe2 Nd4 14. Qd3
a6 15. Rxb2 Nxf3+ 16. Qxf3 Qxf3 17. gxf3 axb5 18. c4 bxc4 19. bxc4 Ra4 20. Nc5
Rxc4 21. Nxb7 Rd5 22. Rfb1 Bh3 23. Kh1 Rg5 24. Rg1 Rxg1+ 0-1

[Event "Challenge"]
[Site "http://www.queenalice.com/game.php?id=256047"]
[Date "2007.8.15"]
[Round "-"]
[White "Mobius"]
[Black "natasha"]
[Result "1-0"]
[WhiteElo "2162"]
[BlackElo "1765"]

1. e4 e5 2. Nf3 d6 3. Nc3 Nf6 4. d4 Nbd7 5. a4 Be7 6. Bc4 h6 7. O-O O-O 8. h3 c6
9. a5 Nxe4 10. Nxe4 d5 11. Nxe5 Nxe5 12. dxe5 dxc4 13. Nd6 Bxd6 14. exd6 Qd7 15.
Re1 Rd8 16. Ra3 Qxd6 17. Re8+ Kh7 18. Rxd8 Qxd1+ 19. Rxd1 Be6 20. Be3 a6 21. Bb6
Bd5 22. Re3 Be6 23. Rd8 Rxd8 24. Bxd8 Kg6 25. Rg3+ Kh7 26. f4 g6 27. Bf6 Bd5 28.
f5 g5 29. Re3 c5 30. Re8 1-0

[Event "quero bater em mais um fregues"]
[Site "http://www.queenalice.com/game.php?id=260079"]
[Date "2007.8.29"]
[Round "-"]
[White "Mobius"]
[Black "corinthians2"]
[Result "1-0"]
[WhiteElo "2191"]
[BlackElo "2071"]

1. e4 c5 2. c3 Nf6 3. e5 Nd5 4. Nf3 e6 5. Bc4 Nb6 6. Bb3 c4 7. Bc2 d6 8. exd6
Bxd6 9. O-O O-O 10. d4 cxd3 11. Qxd3 g6 12. Bh6 Re8 13. Nbd2 Bf8 14. Qxd8 Rxd8
15. Bg5 Re8 16. Rad1 N8d7 17. Ne4 h6 18. Bc1 Nd5 19. c4 N5f6 20. Nxf6+ Nxf6 21.
Ba4 Re7 22. Rd8 Kg7 23. b3 Rc7 24. Bf4 1-0

[Event "AUTO-OPEN-613"]
[Site "http://www.queenalice.com/game.php?id=275702"]
[Date "2007.9.22"]
[Round "3"]
[White "Mobius"]
[Black "levi"]
[Result "0-1"]
[WhiteElo "2229"]
[BlackElo "2216"]

1. e4 e5 2. Nf3 Nc6 3. Bc4 Bc5 4. Nc3 Nf6 5. O-O d6 6. d3 Bg4 7. h3 Bxf3 8. Qxf3
Nd4 9. Qg3 Qe7 10. Bb3 O-O-O 11. Be3 h5 12. Bxd4 Bxd4 13. a4 g6 14. a5 a6 15.
Qf3 Rhf8 16. Ne2 Ba7 0-1

[Event "AUTO-OPEN-613"]
[Site "http://www.queenalice.com/game.php?id=275703"]
[Date "2007.9.22"]
[Round "3"]
[White "levi"]
[Black "Mobius"]
[Result "1-0"]
[WhiteElo "2228"]
[BlackElo "2211"]

1. e4 e5 2. Nf3 Nc6 3. Nc3 Nf6 4. Bb5 Bc5 5. O-O O-O 6. d3 Re8 7. Na4 Bd6 8. Bc4
Na5 9. b3 c6 10. Ng5 Nxc4 11. dxc4 Bc7 12. Nc3 h6 13. Nf3 a6 14. Bb2 b5 15. cxb5
axb5 16. Re1 b4 17. Na4 d5 18. exd5 1-0